000
00279nam a22001337a 4500
008
210301b ||||| |||| 00| 0 eng d
020
_a
0697076547
041
_a
eng
080
_2
3th
_a
510
100
_a
37
101
_a
MAT
245
_a
Algebra
_c
Wesner,H.T
942
_2
udc
_c
BK
999
_c
55359
_d
55359